000
00316nam a22001337a 4500
020
_a
978-1-407106-78-6
082
_a
823
_b
GAN/M
100
_a
GANERI, ANITA
245
_a
MONSTER LAKES
260
_a
LONDON
_b
THE DAILY TELEGRAPH
_c
2005
300
_a
127
650
_a
CHILDRENS STORY BOOK
_z
UNITED KINGDOM
942
_c
BK
999
_c
4610
_d
4610